000 02340nam a2200361Ia 4500
001 CRC0KE12346PDF
003 BD-DhSAU
005 20151012144259.0
006 m|||||o||d||||||||
007 cr||||
008 110310s2010 ne abd s 000 0 eng d
020 _a9780203845318 (ebook : PDF)
040 _aBD-DhSAU
_cBD-DhSAU
090 _aQD181.A7
_bI58 2010
092 _a546.715
_bI612
111 2 _aInternational Congress Arsenic in the Environment
_n(3rd :
_d2010 :
_cTainan, Taiwan)
245 1 0 _aArsenic in geosphere and human diseases
_h[electronic resource] :
_bAs 2010 : 3rd International Congress : Arsenic in the Environment, National Cheng Kung University (NCKU), Tainan, Taiwan, 17-21 May 2010 /
_ceditors, Jiin-Shuh Jean, Jochen Bundschuh, Prosun Bhattacharya.
260 _aLeiden :
_bCRC Press,
_c2010.
300 _alvi, 595 p. :
_bill., maps.
490 1 _aArsenic in the environment : proceedings
500 _a"A Balkema book."
505 0 _asection I. Geology, hydrology, and hydrogeology of arsenic -- section II. Ecological effects : arsenic in soils, plants and food chain cycle -- section III. Arsenic in marine and terrestrial ecosystems -- section IV. Health effects on humans, epidemiology, biomarkers and risk assessments -- section V. Toxicological effects : animal models -- section VI. Assessment and remediation of arsenic contaminated groundwater and land environments, policy and protection -- section VII. Analytical methods for arsenic -- section S1. Special topic 1: Arsenic in Latin America : a forgotten continent -- section S2. Special topic 2: The geochemistry and microbiology of arsenic and humic substances in aquifers of the Blackfoot Disease area, southwestern Taiwan -- section S3. Special topic 3: Arsenic in rice : advances and challenges to minimizing hazard.
530 _aAlso available in print edition.
538 _aMode of access: World Wide Web.
650 0 _aArsenic
_xEnvironmental aspects.
655 7 _aElectronic books.
_2lcsh
700 1 _aJean, Jiin-Shuh.
700 1 _aBundschuh, Jochen.
700 1 _aBhattacharya, Prosun.
776 1 _z9780415578981
830 0 _aArsenic in the environment.
856 4 0 _uhttp://marc.crcnetbase.com/isbn/9780203845318
_qapplication/PDF
999 _c10979
_d10978